|
|
|
|
| LEADER |
00000nam a2200000 a 4500 |
| 001 |
vtls009478734 |
| 003 |
SK-MaSNL |
| 005 |
20260301171159.0 |
| 007 |
co cg anuua |
| 008 |
251104s2008 xo l fs 100 0 slo |
| 015 |
|
|
|a SNBS2009/03-01088
|
| 020 |
|
|
|a 9788089385010 (elektronická kniha)
|
| 040 |
|
|
|a SNK
|b slo
|c SNK
|e AACR2
|
| 041 |
0 |
|
|a slo
|a cze
|b eng
|
| 044 |
|
|
|a xo
|c SK
|
| 072 |
|
7 |
|a 628
|x Zdravotná technika. Úprava vody. Odpadové hospodárstvo. Svetelná technika
|2 konspekt
|
| 080 |
|
|
|a 696.11
|2 2001
|
| 080 |
|
|
|a 696.13
|2 2001
|
| 080 |
|
|
|a 628.2
|2 2001
|
| 080 |
|
|
|a 628.3
|2 2001
|
| 080 |
|
|
|a 628.3/.5
|2 2001
|
| 080 |
|
|
|a 621.311.21-022.51
|2 2001
|
| 080 |
|
|
|a 620.92/.95
|2 2001
|
| 080 |
|
|
|a (062.534)
|2 2001
|
| 080 |
|
|
|a (0.034.44)
|2 2001
|
| 111 |
2 |
|
|a Vodovody, kanalizácie, odpady. Malé vodné diela. Alternatívne zdroje energie
|n (7. :
|d 2008 :
|c Liptovská Sielnica, Slovensko)
|9 538482
|
| 245 |
1 |
0 |
|a Vodovody, kanalizácie, odpady, malé vodné diela, alternatívne zdroje energie
|h elektronický zdroj
|b zborník : 7. ročník odbornej konferencie: Hotel Bobrovník, Liptovská Sielnica, 12.4-14.11.2008
|
| 246 |
3 |
0 |
|a Malé vodné diela
|
| 246 |
3 |
0 |
|a Alternatívne zdroje energie
|
| 250 |
|
|
|a 1. vyd.
|
| 260 |
|
|
|a Košice
|b C-PRESS
|c 2008
|
| 300 |
|
|
|a 1 elektronický optický disk (CD-ROM)
|c 12 cm
|
| 366 |
|
|
|e 60 kusov
|
| 500 |
|
|
|a Názov z titulnej obrazovky
|
| 516 |
|
|
|a Textový dokument (zborník), súbory vo formáte htm
|
| 538 |
|
|
|a Technické požiadavky: Windows Internet Explorer
|
| 546 |
|
|
|a Čiast. text čes.
|
| 650 |
0 |
7 |
|a vodovody
|2 SNKPH
|9 29351
|
| 650 |
0 |
7 |
|a kanalizácia
|2 SNKPH
|9 29352
|
| 650 |
0 |
7 |
|a odpadové vody
|2 SNKPH
|9 66096
|
| 650 |
0 |
7 |
|a odpadové hospodárstvo
|2 SNKPH
|9 3603
|
| 650 |
0 |
7 |
|a malé vodné elektrárne
|2 SNKPH
|9 68588
|
| 650 |
0 |
7 |
|a alternatívne energetické zdroje
|2 SNKPH
|9 3476
|
| 655 |
|
7 |
|a elektronické zdroje
|2 SNKPH
|9 90954
|
| 655 |
|
7 |
|a CD-ROM
|2 SNKPH
|9 70236
|
| 655 |
|
7 |
|a zborníky konferencií
|2 SNKPH
|9 70153
|
| 919 |
|
|
|a 978-80-89385-01-0
|
| 999 |
|
|
|c 830010
|d 831940
|
| 952 |
|
|
|a SNK
|b SNK
|y PREZ
|7 0
|p 17A0612982
|o snkSCDM 2123
|i snk2009/4054
|8 0
|0 0
|1 0
|4 0
|d 2009-03-02
|l 0
|r 2026-02-24 03:35:04
|w 2026-02-24
|
| 952 |
|
|
|t snkVOD 696.11
|a SNKMST
|b SNKMST
|y PREZ
|7 0
|p 17A0612981
|o snkSCDM 2123 D1
|i snk2009/4055
|8 0
|0 0
|1 0
|4 0
|d 2009-03-02
|l 0
|r 2025-08-12 00:00:00
|w 2026-02-24
|